Countries with a Cold Semi-Arid Climate - Statistics

General Stats
  • This quiz has been taken 174 times
    161 since last reset
  • The average score is 55 of 61
Answer Stats
Answer % Correct
United States
99%
Canada
97%
Mexico
97%
Argentina
96%
Ecuador
96%
Bolivia
95%
Chile
95%
Italy
95%
Russia
95%
Russia
95%
Spain
95%
Ukraine
95%
Australia
94%
France
94%
Peru
94%
China
93%
Romania
93%
Afghanistan
92%
Bulgaria
92%
Greece
92%
Hungary
92%
Pakistan
92%
Serbia
92%
South Africa
92%
Turkey
92%
India
91%
Iran
91%
Moldova
91%
Mongolia
91%
Algeria
90%
Azerbaijan
90%
Croatia
90%
Jordan
90%
Kazakhstan
90%
Armenia
89%
Ethiopia
89%
Israel
89%
Namibia
89%
North Macedonia
89%
Tajikistan
89%
Georgia
88%
Kyrgyzstan
88%
Morocco
88%
Syria
88%
Turkmenistan
88%
Bhutan
87%
Kosovo
87%
Nepal
87%
Oman
87%
Tunisia
87%
Uzbekistan
87%
Yemen
87%
Zimbabwe
87%
Libya
86%
Saudi Arabia
86%
Tanzania
86%
Kenya
84%
Eritrea
83%
Botswana
82%
Lesotho
82%
Somalia
81%
No matching quizzes found
Score Distribution
Percent of People with Each Score
Percentile by Number Answered
Your Score History
You have not taken this quiz since the last reset